Discrete mathematical models, with applications to social, biological, and environmental problems /
Guardado en:
| Autor Principal: | |
|---|---|
| Formato: | Libro |
| Idioma: | English |
| Publicado: |
Englewood Cliffs, N.J. :
Prentice-Hall,
c1976.
|
| Materias: | |
| Etiquetas: |
Agregar Etiqueta
Sin Etiquetas, Sea el primero en etiquetar este registro!
|
| LEADER | 00745pam a2200205 a 4500 | ||
|---|---|---|---|
| 001 | MAT.inmabb005850 | ||
| 008 | 750623s1976####njua#####b####001#0#eng## | ||
| 005 | 20170605125647.0 | ||
| 245 | 1 | 0 | |a Discrete mathematical models, with applications to social, biological, and environmental problems / |c Fred S. Roberts. |
| 260 | |a Englewood Cliffs, N.J. : |b Prentice-Hall, |c c1976. | ||
| 300 | |a xvi, 559 p. : |b il. ; |c 24 cm. | ||
| 504 | |a Incluye referencias bibliográficas e índices. | ||
| 020 | |a 013214171X | ||
| 100 | 1 | |a Roberts, Fred S. | |
| 084 | |a 90-XX |2 msc2000 | ||
| 650 | 0 | |a Biology |x Mathematical models. | |
| 650 | 0 | |a Social sciences |x Mathematical models. | |
| 010 | |a 75020153 | ||
| 040 | |a DLC |c DLC |d DLC | ||
| 859 | |h 90 |i R644 |p A-4924 |b BIB. MATEMATICA | ||
